| 000 | 00522nam a2200169 i 4500 | ||
|---|---|---|---|
| 001 | 20360 | ||
| 003 | ES-MaACL | ||
| 005 | 20230906152302.0 | ||
| 007 | t| | ||
| 008 | 021112s1973 sp a |||| | spa d | ||
| 100 | 1 |
_aAguilar Olivencia, Mariano. _918741 |
|
| 245 | 1 | 0 |
_aGibraltar _b: episodios militares / _cMariano Aguilar Olivencia. |
| 260 |
_a[Barcelona] : _b[s.n., _c1973] ( _fTalls. Gráf. Igol) |
||
| 300 |
_a216 p. : _bil. ; _c26 cm. |
||
| 651 | 4 |
_aGibraltar- _xHistoria militar. _9165120 |
|
| 852 |
_aES-MaACL _jA-6447 |
||
| 999 |
_c20360 _d20360 |
||